000
00418nam a2200145Ia 4500
008
100204s9999 xx 000 0 und d
082
_b
1030
100
_a
फळणीकर अनिल
245
_a
प्रेमिक
260
_b
"प्रिया प्रकाशन, मुंबई"
_c
1976
300
_a
188
630
_a
प्रेमिक
730
_a
प्रेमिक
942
_c
BOOK
999
_c
446222
_d
446219